000 00790nam a2200241 a 4500
001 BRL_915
005 20190320210942.0
008 241013s1956----mx-ao#####---#000-0#eng-#
041 _aeng
044 _amx
050 4 _aF1391.G8
_b.V37 1956
100 1 _aVarona, Esteban A. de
_9879
245 1 0 _aGuanajuato
_cText and Photographs by Esteban A. de Varona ; translated from the original in spanish by Leonard Cooper.
260 _aMéxico
_bUnión Gráfica
_c1956
300 _a44 p.
_bil., 46 fotografías
_c20 cm.
500 _aAu1069
500 _aEstado físico : Desprendimiento del lomo
500 _aIncluye dedicatoria a Ruth Lechuga
651 4 _aGuanajuato (México)
_xDescripción y viajes
_9880
700 1 _aCooper, Leonard
_etr.
_925310
902 _aGRL
942 _2lcc
_cB
999 _c9727
_d9727